<?xml version="1.0" encoding="UTF-8"?>
<collection xmlns="http://www.loc.gov/MARC21/slim">
 <record>
  <leader>00887cam a2200253 7i4500</leader>
  <controlfield tag="001">0000006318</controlfield>
  <controlfield tag="005">20150325090000.0</controlfield>
  <controlfield tag="003">  iicp-my</controlfield>
  <controlfield tag="005">  20021204214500.0</controlfield>
  <controlfield tag="008">000000                       00         </controlfield>
  <datafield tag="020" ind1=" " ind2=" ">
   <subfield code="a">0671552317 </subfield>
  </datafield>
  <datafield tag="039" ind1=" " ind2="9">
   <subfield code="y">200212042145</subfield>
   <subfield code="z">VLOAD</subfield>
  </datafield>
  <datafield tag="090" ind1="0" ind2="0">
   <subfield code="a">955.050924 </subfield>
   <subfield code="b">SHA</subfield>
  </datafield>
  <datafield tag="100" ind1=" " ind2=" ">
   <subfield code="a">Shawcross, William </subfield>
  </datafield>
  <datafield tag="245" ind1="0" ind2="0">
   <subfield code="a">The Shah's last ride : </subfield>
   <subfield code="b">the fate of an ally  </subfield>
   <subfield code="c">William Shawcross.</subfield>
  </datafield>
  <datafield tag="260" ind1=" " ind2=" ">
   <subfield code="a">New York: </subfield>
   <subfield code="b">Simon &amp; Schuster, </subfield>
   <subfield code="c">c1988.</subfield>
  </datafield>
  <datafield tag="300" ind1=" " ind2=" ">
   <subfield code="a">463 p.: </subfield>
   <subfield code="b">ill.; </subfield>
   <subfield code="c">25 cm..</subfield>
  </datafield>
  <datafield tag="500" ind1=" " ind2=" ">
   <subfield code="a">Includes index</subfield>
  </datafield>
  <datafield tag="600" ind1=" " ind2=" ">
   <subfield code="a">Mohammad Reza Pahlavi, Shah of Iran, 1919</subfield>
  </datafield>
  <datafield tag="651" ind1=" " ind2=" ">
   <subfield code="a">Iran -- </subfield>
   <subfield code="x">History - Mohammad Reza Pahlavi, 1941 - 1979 </subfield>
  </datafield>
  <datafield tag="651" ind1=" " ind2=" ">
   <subfield code="a">Iran -- </subfield>
   <subfield code="x">Kings and rulers - Biography </subfield>
  </datafield>
  <datafield tag="651" ind1=" " ind2=" ">
   <subfield code="a">United States -- </subfield>
   <subfield code="x">Foreign relations -- </subfield>
   <subfield code="y">Iran </subfield>
  </datafield>
  <datafield tag="651" ind1=" " ind2=" ">
   <subfield code="a">Iran -- </subfield>
   <subfield code="x">Foreign relations -- </subfield>
   <subfield code="y">United States </subfield>
  </datafield>
  <datafield tag="999" ind1=" " ind2=" ">
   <subfield code="a">1000008952</subfield>
   <subfield code="b">Book</subfield>
   <subfield code="c">White Spot</subfield>
  </datafield>
 </record>
</collection>
